MDQL
is popping MORE tags! Check the
thread
!
Quizzes
Events
Quiz Creation
Community
Videos
Private Events
Remove Ads
Sign In
Join for FREE
Feedback
Dark Mode
Quiz Categories
Sports
Geography
Music
Movies
Television
Just For Fun
Miscellaneous
History
Literature
Language
Science
Gaming
Entertainment
Religion
Holiday
For Kids
Quiz Lab
Recent
Popular Today
Quiz Kudos Today
Editor Picks
Curator Picks
Quizzes by...
Day
Popularity
Type
Ratings
Length
Year
Community
Subscriptions
Recent Discussions
Orange Saloon
Badges
Playlists
Quests
Create
Leaderboards
Showdown
Live 5
Trivia Bingo
Activity
Puzzle Library
Sporcle Events
Private Events
Virtual Trivia
Globe League
Become a Host
Pub Owners
SporcleCon
Opinionation
Our Games
Videos
Blog
Mobile Apps
Partnerships
Remove Ads and Go Orange
Feedback
Sports
Athletes
MLB
NBA
NHL
NFL
Soccer
Sports Teams
WWE
NCAA
Football
Premier League
Basketball
Baseball
Hockey
Golf
Tennis
Cricket
Rugby
Auto Racing
Olympics
World Cup
Sports
Athletes
MLB
NBA
NHL
NFL
Soccer
Sports Teams
WWE
NCAA
Football
Premier League
Basketball
Baseball
Hockey
Golf
Tennis
Cricket
Rugby
Auto Racing
Olympics
World Cup
Random Quiz
Search Sporcle
×
Quiz Lab
Quiz Lab
Sports
NBA
Type in answers that appear in a list
Type in answers that appear in a list
Classic
Best Score? Go Orange.
Big 4 Teams by Six Letters Stats
Can you name the Big 4 teams by six letters from inside its team name?
By
rer2121
8m
40 Questions
218 Plays
218 Plays
218 Plays
Comments
Comments
Give Quiz Kudos
Give Quiz Kudos
-
- Ratings
hide this ad
More Info
Forced Order
Answers have to be entered in order
Answers have to be entered in order
Replay
Link that replays current quiz
Next Quiz
Link to next quiz in quiz playlist
You Got
0%
They Got
Avg Score
72%
Avg Friend Score
Upgrade to see
Score Distribution
Jump to the score distribution portion of the page
Score
0/40
Timer
08:00
0
Plays Today
Six Letters
Big 4 Team
% Correct
A BAY RA
Tampa Bay Rays
93.1%
NTO RAP
Toronto Raptors
87.1%
MORE RA
Baltimore Ravens
85.3%
LES KIN
Los Angeles Kings
84.3%
TLE SEA
Seattle Seahawks
81.6%
NGTON N
Washington Nationals
80.2%
MORE OR
Baltimore Orioles
77.4%
HIA EAG
Philadelphia Eagles
76.5%
NA CARD
Arizona Cardinals
75.6%
KLYN NE
Brooklyn Nets
75.1%
MBERWO
Minnesota Timberwolves
74.2%
AND PAT
New England Patriots
73.7%
NA HURR
Carolina Hurricanes
73.7%
OMA CITY
Oklahoma City Thunder
73.7%
TON BRU
Boston Bruins
72.8%
NTO MAP
Toronto Maple Leafs
72.8%
EGO PAD
San Diego Padres
72.4%
PHIA PH
Philadelphia Phillies
72.4%
IANA PA
Indiana Pacers
71.9%
NTON OI
Edmonton Oilers
71.9%
Six Letters
Big 4 Team
% Correct
NGTON C
Washington Capitals
71.4%
TO BLUE
Toronto Blue Jays
71.4%
HIS GRI
Memphis Grizzlies
71.4%
A BAY BU
Tampa Bay Buccaneers
71.4%
ER BRON
Denver Broncos
71%
NA DIAM
Arizona Diamondbacks
71%
OSE SHA
San Jose Sharks
70.5%
UKEE BU
Milwaukee Bucks
70%
DO ROCK
Colorado Rockies
70%
LUE JAC
Columbus Blue Jackets
68.7%
AGO BLA
Chicago Blackhawks
68.7%
AND BRO
Cleveland Browns
66.8%
ANS HOR
New Orleans Hornets
66.8%
IS BLUE
St. Louis Blues
65.9%
OTTE BO
Charlotte Bobcats
65.9%
GO CHAR
San Diego Chargers
65.4%
LAND GU
Cleveland Guardians
64.5%
AIL BLA
Portland Trail Blazers
59%
LAND AT
Oakland Athletics
53.9%
ITY CHI
Kansas City Chiefs
52.5%
Quiz Playlist
Details
Report
Send in Message
Add To Playlist
More Info:
Full team names & team nicknames are acceptable
Classic:
Type in answers that appear in a list
Forced Order:
Answers have to be entered in order
Last Updated: Feb 16, 2017
Quiz Scoreboard
CHALLENGE
Sign Up to Join the Scoreboard
Show All
Scores
Hide
Comments
May contain spoilers
Recently Published
Two Season TV Shows II
by 123Four
Television
10m
Image Sorting: Flags VI
by Barbecue
Geography
2m
Find the 'City' Movie
by crazypaving
Movies
60s
More to Explore
Quiz From the Vault
Featured Blog Post
14 Easter Pick-up Lines to Find Eggs With
hide this ad
You Might Also Like...
Tags
Baseball Quiz
Basketball Quiz
MLB Quiz
NBA Quiz
NFL Quiz
NHL Quiz
Sports Teams Quiz
Word Play Quiz
6-letter
Big 4
Today's Top Quizzes in Sports
Browse Sports
hide this ad
Today's Top Quizzes in NBA
Browse NBA
Top Contributed Quizzes in Sports
1
Les meilleurs buteurs des matchs entre le PSG et l’OM
2
Les entraîneurs de l'OM et du PSG au 21e siècle
3
2022 World Cup Stars
4
Les joueurs passés par le PSG et l'OM
5
Players with Multiple 50 Home Run Seasons
6
Criteria MLB: Left Handed Sluggers
7
FIFA Club World Cup Champions
8
Les joueurs passés par le LOSC et le RC Lens
9
NBA Logic Puzzle 2.0
10
Top 10 NHL Goal Scorers of All Time
Explore More
Trending Topics
Disney
Kpop
NBA
Anime
Harry Potter
Crossword
Marvel
Pokémon
Puzzle
The Office
NFL
Soccer
WWE
Country
Song
hide this ad
More By:
rer2121
Quiz
Plays
Rating
Category
Featured
Created
Quick Sort Minefield Blitz
262,057
3.13
Just For Fun
May 13, 2012
Fill in the Lyrics
242,466
4.13
Music
Apr 5, 2012
World Cities Match 'Em Up
184,956
4.69
Geography
Dec 7, 2012
Fill in the Lyrics II
123,129
3.84
Music
Apr 21, 2012
Word to Number Blitz
70,826
3.90
Just For Fun
Sep 29, 2012
Go to Creator's Profile
Score Distribution
Quiz Creator Spotlight
rer2121
Follow
Send a Message
Quizzes Created
-
Created Quiz Play Count
-
More By This Creator
Popular Quizzes Today
1
Colored Red Africa Blitz
2
Find the US States - No Outlines Minefield
3
Find the 'City' Movie
4
5x2 Blitz: Bands
5
The Countries of the World
6
Find the US States
7
Find the Countries of Europe - No Outlines Minefield
8
US States
More Sports Quizzes
MLB American League MVP Runners-Up (2010s)
Curator's Pick
Trending Quizzes
Colored Red Europe Blitz I
Colored Red Africa Blitz II
Colored Red Europe Blitz II
Colored Red Africa Blitz III
Colored Red Europe Blitz III
Recently Updated
How Do You Spell That?
pecheneg
Godzilla Movies
pecheneg
Grab Bag: 4-10 Letters
pecheneg
2024 March Madness Bracket
pecheneg
Famous TV Couples
Peacemaker
Champions League XIs: Real Madrid
pecheneg
Largest US Cities 1790-2010
pecheneg
Rides in Walt Disney World
pecheneg
Most Oscar Losses (Acting)
pecheneg
Beyoncé Albums
pecheneg
Trending Topics
Harry Potter
Anime
Marvel
NBA
Kpop
Disney
Crossword
Soccer
The Office
Pokémon
NFL
WWE
Country
Puzzle
Song
Your Account Isn't Verified!
In order to create a playlist on Sporcle, you need to verify the email address you used during registration. Go to your
Sporcle Settings
to finish the process.
Report this User
Report this user for behavior that violates our
Community Guidelines
.
Details:
Send Report
Go to the Sporcle.com Mobile Site →
Comments